00431nam a2200133Ia 4500008004100000041000800041082001600049100001500065245001900080260004800099700001700147999001900164952011400183230627s9999 xx 000 0 und d amar a346.06bPUL aPuliani R  aCorporate Laws aNew DelhibBharat Law House Pvt. Ltd.c2004 a Puliani M., c684476d684476 011040708LLBaNLPbNLPd1999-03-31g160.00l0o346.06 PULpNLP-N04385r2023-07-17 00:00:00w2023-07-17yBK